Gp Explorer 3 - Tous les pilotes - Statistiques

Statistiques générales
  • Ce quiz a été pris 503 fois
    432 depuis la dernière actualisation
  • Le résultat moyen est 19 sur 24
Statistiques - réponses
Hint Réponse % Correct
Netflix 14 Squeezie
97%
Durex - Nord VPN 3 Anyme
95%
Netflix 10 Amine
93%
Sol de Janeiro - Bentley 31 Maghla
92%
Lego - JBL Quantum 97 Maxime Biaggi
92%
Lego - JBL Quantum 15 Djilsi
90%
Sol de Janeiro - Bentley 48 Lea Elui
90%
Samsung 19 SCH
88%
Benuts - Oral B 56 Mastu
86%
Subway - Point S 38 Mister V
86%
Lofi Girl 7 Gotaga
85%
Durex - Nord VPN 77 Houdi
85%
Samsung 99 Billy
83%
Subway - Point S 92 PLK
83%
Erborian - Transakauto 2 Cocotte
80%
Alpine 27 Kaatsup
80%
Benuts - Oral B 23 Théodort
80%
Erborian - Transakauto 28 Baghera Jones
79%
Alpine 16 Ana on Air
75%
Lofi Girl 4 Nikof
69%
Cupra 21 Karchez
52%
The Crew Motorfest 42 Ludwig
51%
Cupra 17 Ander
44%
The Crew Motorfest 51 Michael Reeves
42%
Aucun quiz correspondant
Distribution des résultats
% des personnes avec chaque résultat
Percentile par nombre de réponses
Votre historique - résultats
Vous n’avez pas pris ce quiz depuis la dernière actualisation